Malgrange theorem for nucleary entire functions of bounded type on a Banach space
Guardat en:
| Autor principal: | |
|---|---|
| Format: | Llibre |
| Idioma: | anglès |
| Publicat: |
Río de Janeiro
IMPA-CNPq
1968
|
| Col·lecció: | Notas de Matemática, 37
|
| Matèries: | |
| Etiquetes: |
Afegir etiqueta
Sense etiquetes, Sigues el primer a etiquetar aquest registre!
|
MARC
| LEADER | 00000nam a2200000 a 4500 | ||
|---|---|---|---|
| 001 | UCP3976 | ||
| 003 | CL-VaPUC | ||
| 008 | 990709e19680000BL |||||||||||||||||eng|d | ||
| 082 | 0 | 4 | |a 515.732 |b GUP |2 21 |
| 100 | |a Gupta, Chaitan P |e author |9 431406 | ||
| 245 | 1 | 0 | |a Malgrange theorem for nucleary entire functions of bounded type on a Banach space |
| 300 | |a 50 p | ||
| 942 | |c BK | ||
| 945 | |d 19990709 00:00:00 |a crobeson | ||
| 260 | |a Río de Janeiro |b IMPA-CNPq |c 1968 | ||
| 650 | 7 | |a ESPACIOS DE BANACH |2 CL-VaPUC |9 260167 | |
| 650 | 0 | |a Espacios vectoriales topológicos |9 424115 | |
| 650 | 7 | |a CONVOLUCIONES |2 CL-VaPUC |9 431407 | |
| 583 | |a last modification |c 19990709 00:00:00 |k Rodrigo Vera | ||
| 490 | 0 | |a Notas de Matemática, 37 | |
| 999 | |c 282077 |d 282075 | ||
| 952 | |0 0 |1 0 |4 0 |6 515_732000000000000_GUP_1968 |7 0 |8 A |9 323492 |a BIBMAT |b BIBMAT |d 2019-11-20 |i 1352938 |o 515.732 GUP 1968 |p 1352938 |r 2025-01-07 |w 2019-11-20 |y BK |k MAT | ||